El humo dormido / (Record no. 109071)

MARC details
000 -LEADER
campo de control de longitud fija 00571nam a2200193 i 4500
001 - NÚMERO DE CONTROL
campo de control 109071
003 - IDENTIFICADOR DE NÚMERO DE CONTROL
campo de control ES-MaACL
005 - FECHA Y HORA DE LA ÚLTIMA TRANSACCIÓN
campo de control 20230906184753.0
007 - CAMPO FIJO DE DESCRIPCIÓN FÍSICA--INFORMACIÓN GENERAL
campo de control de longitud fija t|
008 - DATOS DE LONGITUD FIJA--INFORMACIÓN GENERAL
campo de control de longitud fija 061121s1938 sp |||| | spa d
100 1# - ENTRADA PRINCIPAL--NOMBRE DE PERSONA
Nombre de persona Miró, Gabriel.
9 (RLIN) 81602
245 13 - MENCIÓN DEL TÍTULO
Título El humo dormido /
Mención de responsabilidad, etc. Gabriel Miró.
260 ## - PUBLICACIÓN, DISTRIBUCIÓN, ETC.
Lugar de publicación, distribución, etc. Madrid :
Nombre del editor, distribuidor, etc. Biblioteca Nueva,
Fecha de publicación, distribución, etc. 1938 (
Fabricante Imp. Rivadeneyra)
300 ## - DESCRIPCIÓN FÍSICA
Extensión 159 p. ;
Dimensiones 18 cm.
490 1# - MENCIÓN DE SERIE
Mención de serie Obras completas de Gabriel Miró ;
Designación de volumen o secuencia 7
830 0# - PUNTO DE ACCESO ADICIONAL DE SERIE-TÍTULO UNIFORME
Título uniforme Obras completas de Gabriel Miró ;
Designación de volumen o secuencia 7
9 (RLIN) 193311
852 ## - LOCALIZACIÓN
Ubicación ES-MaACL
Número de control de estantería A-5120
Holdings
Estatus retirado Estado de pérdida Estado de daño No para préstamo Biblioteca de origen Biblioteca actual Ubicación en estantería Fecha de adquisición Fuente de adquisición Total de préstamos Signatura topográfica completa Código de barras Visto por última vez Precio de reemplazo Tipo de ítem Koha
        Biblioteca del Ateneo de Madrid Biblioteca del Ateneo de Madrid Sala Pecera Planta 1 17/01/2008     A-5120 1113808 23/02/2023 23/02/2023 Libro impreso